Vincitori della Supercoppa Italiana - Statistics

Statistiche generali
  • Questo quiz è stato fatto 93 volte
  • Il punteggio medio è 7 su 9
Statistiche sulle risposte
Titoli Club % Corretto
9 Juventus
99%
8 Milan
99%
2 Roma
95%
5 Lazio
92%
2 Napoli
88%
1 Fiorentina
81%
1 Sampdoria
69%
1 Parma
61%
8 Inter Milano
48%
Nessun quiz corrispondente trovato
Distribuzione punteggi
Percentuale di utenti per punteggio
Percentile per numero di risposta
I tuoi punteggi nel tempo
Non hai fatto questo quiz